Statystyki dla Województwa w II Rzeczypospolitej

Kliknij tutaj aby rozwiązać quiz!

Ogólne statystyki

  • Ten quiz został rozwiązany 1 658 razy
  • Średni wynik to 10 z 16

Statystyki odpowiedzi

Km2Nazwa% Poprawnych
29.342warszawskie
92%
17.448krakowskie
85%
26.528poznańskie
82%
16.386pomorskie
78%
4.230śląskie
77%
19.034łódzkie
74%
27.024lwowskie
72%
29.109wileńskie
67%
31.123lubelskie
64%
25.741kieleckie
59%
32.450białostockie
58%
30.274wołyńskie
48%
18.368stanisławowskie
42%
42.280poleskie
33%
16.240tarnopolskie
32%
22.692nowogródzkie
30%

Rozkład punktacji

Percentyl według liczby udzielonych odpowiedzi

Procent ludzi z każdym wynikiem

Twoja historia wyników

Nie rozwiązałeś tego quizu